Top 10 najszczęśliwszych stanów USA - Statystyki

Ogólne statystyki
  • Ten quiz został rozwiązany 83 razy
  • Średni wynik to 5 z 10
Statystyki odpowiedzi
# Szczęśliwy
stan
% Poprawnych
3 Floryda
85%
9 Alabama
53%
2 Hawaje
53%
5 Arizona
51%
7 Montana
45%
1 Luizjana
43%
10 Maine
39%
8 Karolina Południowa
36%
6 Missisipi
36%
4 Tennessee
26%
Nie znaleziono quizów pasujących do podanych kryteriów
Rozkład punktacji
Procent ludzi z każdym wynikiem
Percentyl według liczby udzielonych odpowiedzi
Twoja historia wyników
Nie rozwiązałeś tego quizu